Score 0/10 Timer 08:00
0 Plays Today
% Correct
Supreme being, object of faith
93.8%
An adult male human being
92.5%
To trick or defraud someone
88.1%
Structure used to block the flow of water
79.9%
An automobile, or an African country's acronym
76%
Precedes Mexico, England, or South Wales
69.5%
In support of a person or policy
67.8%
Risk money on the result of a future event; a wager
62.6%
Animal kept as a companion
57.9%
Unit of pressure, equal to 100 kilopascals
55.2%
Remove Ads.
Support Sporcle.
Get the best of Sporcle when you Go Orange. This ad-free experience offers more features, more stats, and more fun while also helping to support Sporcle. Thank you for becoming a member.

You're not logged in!

Compare scores with friends on all Sporcle quizzes.
OR
Log In

Sporcle TV

Today on Sporcle TV


Watch our educational content, quiz creation guides, and fun videos on Sporcle TV.

Show Comments

Extras

Top Quizzes Today


Score Distribution

Paid Content

Your Account Isn't Verified!

In order to create a playlist on Sporcle, you need to verify the email address you used during registration. Go to your Sporcle Settings to finish the process.

Report this User

Report this user for behavior that violates our Community Guidelines.

Details: